Možnosti konštrukcie a výroby foriem na vstrekovanie s využitím aditívnych technológií
Gespeichert in:
| 1. Verfasser: | |
|---|---|
| Weitere Verfasser: | |
| Format: | Manuskript Buch |
| Sprache: | Slowakisch |
| Veröffentlicht: |
2020
|
| Schlagworte: | |
| Online-Zugang: | http://is.stuba.sk/zp/portal_zp.pl?podrobnosti=152195 |
| Tags: |
Keine Tags, Fügen Sie das erste Tag hinzu!
|
MARC
| LEADER | 00000ntm a22000003a 4500 | ||
|---|---|---|---|
| 001 | stuzp78318 | ||
| 003 | SK-STU | ||
| 005 | 20200704211923.0 | ||
| 007 | ta | ||
| 008 | 150427s2015----xo-----f-mn---000-0-slo-d | ||
| 040 | |a STU |b slo | ||
| 041 | 0 | |a slo | |
| 100 | 1 | |a Dobrovszký, Patrik |u 063000 |k Z4 |4 aut |U MTF Materiálovotechnologická fakulta |T MTF Ústav výrobných technológií |X 80163 |U M3000 |Y 83 |7 80163 | |
| 242 | 0 | 1 | |a Design and production of injection moulding tools with aditives technologies utilization |y eng |
| 245 | 1 | 0 | |a Možnosti konštrukcie a výroby foriem na vstrekovanie s využitím aditívnych technológií |
| 260 | |c 2020 | ||
| 650 | 4 | |a 3D tlač |2 slo | |
| 650 | 4 | |a vstrekovanie plastov |2 slo | |
| 650 | 4 | |a rapid prototyping |2 slo | |
| 650 | 4 | |a ANSYS |2 slo | |
| 650 | 4 | |a Solidworks |2 slo | |
| 650 | 4 | |a plasty |2 slo | |
| 650 | 4 | |a SLA |2 slo | |
| 650 | 4 | |a Stereolitografia |2 slo | |
| 650 | 4 | |a 3D printing |2 eng | |
| 650 | 4 | |a rapid prototyping |2 eng | |
| 650 | 4 | |a ANSYS |2 eng | |
| 650 | 4 | |a Solidworks |2 eng | |
| 650 | 4 | |a plastics |2 eng | |
| 650 | 4 | |a SLA |2 eng | |
| 650 | 4 | |a Stereolithography |2 eng | |
| 650 | 4 | |a plastic injection |2 eng | |
| 700 | 1 | |a Bílik, Jozef |u 063400 |k Z1 |4 ths |U MTF Ústav výrobných technológií |T MTF Katedra tvárnenia kovov a plastov |X 1547 |U M3400 |Y 163 |7 A000001547 | |
| 856 | 4 | |u http://is.stuba.sk/zp/portal_zp.pl?podrobnosti=152195 | |
| 996 | |c M* DP-14184 |l MMSKP |s P |a 0 |w stuzp78318_0001 | ||